| 000 | 01661nam a2200469 i 4500 | ||
|---|---|---|---|
| 001 | 43793 | ||
| 003 | KOSZ 005 | ||
| 005 | 20200813130441.0 | ||
| 008 | 021010s2001 pl a f f |000 0 pol | ||
| 020 | _a8320425808 | ||
| 020 | _a8320425786 | ||
| 040 |
_cKOSZ 005 _aKOSZ 005 _dKOSZ 005/HR |
||
| 041 | 0 | _apol | |
| 046 | _k2001 | ||
| 080 | _a621.1.01:536.7 | ||
| 080 | _a536.7.08 | ||
| 080 | _a(075.8) | ||
| 245 | 0 | 0 |
_aPomiary cieplne. _nCz. 2, _pBadania cieplne maszyn i urządzeń / _cpod red. Tadeusza R. Fodemskiego ; aut. Tadeusz R. Fodemski [et al.] |
| 246 | 3 | 0 | _aBadania cieplne maszyn i urządzeń |
| 250 | _aWyd. 3 zm. | ||
| 260 |
_aWarszawa : _bWydawnictwa Naukowo-Techniczne, _ccop. 2001. |
||
| 300 |
_a426, [2] s. : _bil. ; _c24 cm. |
||
| 336 |
_2rdacontent _aTekst _btxt |
||
| 337 |
_2rdamedia _aBez urządzenia pośredniczącego _bn |
||
| 338 |
_2rdacarrier _aWolumin _bnc |
||
| 380 | _aKsiążki | ||
| 380 | _aPublikacje dydaktyczne | ||
| 385 |
_mPoziom nauczania _aSzkoły wyższe |
||
| 388 | _a2001- | ||
| 490 | 1 | _aPodręczniki Akademickie. Mechanika | |
| 500 | _aW metryce błędny rok wyd. 2000. | ||
| 504 | _aBibliogr. przy rozdz. - Indeks. | ||
| 650 | 4 | _aTermodynamika techniczna | |
| 650 | 4 | _aPomiary | |
| 655 | 4 | _aPodręczniki akademickie | |
| 658 | _aInżynieria i technika | ||
| 700 | 1 |
_aFodemski, Tadeusz R. _d(1944-2019) _eRedakcja |
|
| 710 | 2 |
_aWydawnictwa Naukowo-Techniczne _4pbl. |
|
| 830 | 0 |
_aPodręczniki Akademickie. _pMechanika |
|
| 856 |
_uhttp://koha.tu.koszalin.pl/cgi-bin/koha/opac-detail.pl?biblionumber=43793 _yKatalog online BPK |
||
| 942 |
_cKS _2UKD |
||
| 999 |
_c43793 _d43793 |
||